00602nam a2200205Ia 4500003000900000008004100009040001300050040001300063041000800076100001600084245002800100250001200128260001200140260000900152300000800161490000600169942000700175999001700182952019700199IT-RoPAU120407s9999 xx 000 0 und d aIT-RoPAU cIT-RoPAU aita aMontesquieu aLo spirito delle leggi. aTorino  aParavia c1960 c cm v1 cBK c17550d17550 00102ddc406194_00000000000000071aPAULUSbPAULUSd2012-04-11l0o194.0r2012-04-11 00:00:00w2012-04-11yBKzInserito da: Jole In data: 12 settembre 2011 fondo: Via A.Severo 56 Progr:24893